[Event "4NCL 2016-17"]
[Site "Reading ENG"]
[Date "2017.02.12"]
[Round "6.11"]
[White "Turner, Matthew J"]
[Black "Howell, David W L"]
[Result "1/2-1/2"]
[WhiteTitle "GM"]
[BlackTitle "GM"]
[WhiteElo "2522"]
[BlackElo "2655"]
[WhiteTeam "Barbican 4NCL"]
[BlackTeam "Cheddleton"]
[WhiteFideId "402893"]
[BlackFideId "410608"]
[EventDate "2016.11.19"]

1. d4 Nf6 2. Nf3 g6 3. Bf4 d6 4. h3 c5 5. e3 Qb6 6. Qc1 Nc6 7. c3 Bg7 8. Be2 O-O
9. O-O Bf5 10. Nbd2 cxd4 11. exd4 Nd5 12. Bg5 e5 13. Nc4 Qc7 14. dxe5 dxe5 15.
Ne3 Nxe3 16. Qxe3 f6 17. Bh6 Bxh6 18. Qxh6 Be6 19. Qe3 Rfd8 20. Rfd1 Kg7 21. Nd2
Ne7 22. Nb3 Nd5 23. Qc5 Qf7 24. Bf1 b6 25. Qa3 Nf4 26. Rd6 Rxd6 27. Qxd6 Rc8 28.
Rd1 Rc7 29. Qd8 Rc8 30. Qd6 Rc7 31. Qd8 g5 32. Nc1 Rc8 33. Qd6 Rc7 34. Qd8 h5
35. a3 Rc8 36. Qd6 Rc7 37. Qd8 h4 38. Bb5 Rc8 39. Qd6 Rc7 40. Ne2 Nxe2+ 41. Bxe2
Rd7 42. Qc6 Rc7 43. Qd6 Rd7 44. Qc6 Rc7 45. Qd6 Rd7 1/2-1/2

[Event "4NCL 2016-17"]
[Site "Reading ENG"]
[Date "2017.02.12"]
[Round "6.15"]
[White "Taylor, Martin R"]
[Black "Arkell, Keith C"]
[Result "1/2-1/2"]
[WhiteTitle "FM"]
[BlackTitle "GM"]
[WhiteElo "2320"]
[BlackElo "2450"]
[WhiteTeam "Barbican 4NCL"]
[BlackTeam "Cheddleton"]
[WhiteFideId "407836"]
[BlackFideId "400270"]
[EventDate "2016.11.19"]

1. d4 Nf6 2. c4 e6 3. Nc3 Bb4 4. Qc2 c5 5. dxc5 Nc6 6. Nf3 Bxc5 7. Bg5 Nd4 8.
Nxd4 Bxd4 9. e3 Qa5 10. exd4 Qxg5 11. Qd2 Qxd2+ 12. Kxd2 d6 13. Bd3 Ke7 14. b4
g5 15. h4 g4 16. g3 a5 17. Rab1 axb4 18. Rxb4 Ra7 19. Rhb1 Rd8 20. Ra4 Rxa4 21.
Nxa4 Kd7 22. Nb6+ Kc7 23. Rb5 Bd7 24. Nxd7 Rxd7 25. a4 Re7 26. c5 dxc5 27. Rxc5+
Kd8 28. a5 Rd7 29. Ke3 Nd5+ 30. Ke2 f5 31. Bc4 Nc7 32. Ke3 Ke7 33. Bb3 Kd6 34.
f3 gxf3 35. Kxf3 Rg7 36. Rc4 Nd5 37. Rc8 Nb4 38. Rd8+ Kc7 39. Re8 Nc6 40. Bxe6
Nxd4+ 41. Kf2 Rg6 42. Bd5 Ra6 43. Re7+ Kd6 44. Bxb7 Rxa5 45. Rxh7 Ke5 46. Re7+
Kf6 47. Re3 Ra2+ 48. Kf1 Rd2 49. Bg2 Rd1+ 50. Kf2 Rd2+ 51. Kf1 1/2-1/2

[Event "4NCL 2016-17"]
[Site "Reading ENG"]
[Date "2017.02.12"]
[Round "6.17"]
[White "Cox, John J"]
[Black "Radovanovic, Jovica"]
[Result "1/2-1/2"]
[WhiteTitle "IM"]
[BlackTitle "FM"]
[WhiteElo "2325"]
[BlackElo "2343"]
[WhiteTeam "Barbican 4NCL"]
[BlackTeam "Cheddleton"]
[WhiteFideId "401064"]
[BlackFideId "915912"]
[EventDate "2016.11.19"]

1. c4 Nf6 2. Nc3 e5 3. Nf3 Nc6 4. e3 g6 5. d4 d6 6. b3 exd4 7. Nxd4 Nxd4 8. Qxd4
Bg7 9. Bb2 O-O 10. Be2 Be6 11. Nd5 Ne8 12. Qd2 c6 13. Nf4 Bxb2 14. Qxb2 Bf5 15.
O-O Qf6 16. Qxf6 Nxf6 17. Rfd1 Rfd8 18. h3 g5 19. Nh5 Nxh5 20. Bxh5 a5 21. Rd4
a4 22. b4 a3 23. Bg4 Bg6 24. Rad1 Kf8 25. c5 d5 26. Rc1 Ke7 27. Bd1 Rdb8 28. Bc2
b6 29. Bxg6 hxg6 30. e4 dxe4 31. Rxe4+ Kf6 32. g4 Ra4 33. Kg2 Kg7 34. cxb6 Rxb6
35. Rcc4 Ra7 36. Re5 Rb5 37. Re3 Rd5 38. Rxc6 Rd2 39. b5 Rxa2 40. Ra6 Rb7 41.
Raxa3 1/2-1/2

[Event "4NCL 2016-17"]
[Site "Reading ENG"]
[Date "2017.02.12"]
[Round "6.18"]
[White "Steil-Antoni, Fiona"]
[Black "Lauterbach, Ingrid"]
[Result "1/2-1/2"]
[WhiteTitle "WIM"]
[BlackTitle "WIM"]
[WhiteElo "2141"]
[BlackElo "2104"]
[WhiteTeam "Cheddleton"]
[BlackTeam "Barbican 4NCL"]
[WhiteFideId "4001249"]
[BlackFideId "405221"]
[EventDate "2016.11.19"]

1. e4 g6 2. d4 Bg7 3. Nf3 d6 4. Bd3 Bg4 5. c3 c5 6. Be3 Qb6 7. Na3 Nd7 8. O-O
Ngf6 9. h3 Bxf3 10. Qxf3 O-O 11. Nc4 Qc7 12. Nd2 Rac8 13. g4 a6 14. Qg2 cxd4 15.
cxd4 e5 16. d5 b5 17. Nb3 Nb6 18. Rac1 Nc4 19. Bxc4 bxc4 20. Nd2 Qa5 21. Nxc4
Qxa2 22. Nxd6 Rxc1 23. Rxc1 Qxb2 24. Qf3 Qa3 25. Rc6 Nd7 26. Qe2 Nb8 27. Rb6 Rd8
28. Qb2 Qxb2 29. Rxb2 Nd7 30. Rb7 Bf8 31. Nc4 Rc8 32. Rxd7 Rxc4 33. Rd8 Kg7 34.
Kg2 Bb4 35. d6 Rc6 36. d7 Rd6 37. Rb8 Ba5 38. Bb6 Bxb6 39. Rxb6 Rxd7 40. Rxa6 1/2-1/2

[Event "4NCL 2016-17"]
[Site "Reading ENG"]
[Date "2017.02.12"]
[Round "6.21"]
[White "Gormally, Daniel W"]
[Black "Fernandez, Daniel Howard"]
[Result "1/2-1/2"]
[WhiteTitle "GM"]
[BlackTitle "IM"]
[WhiteElo "2498"]
[BlackElo "2450"]
[WhiteTeam "Blackthorne Russia"]
[BlackTeam "Guildford"]
[WhiteFideId "406465"]
[BlackFideId "5801605"]
[EventDate "2016.11.19"]

1. d4 Nf6 2. c4 c5 3. d5 b5 4. Qc2 bxc4 5. e4 d6 6. Bxc4 g6 7. Nf3 Bg7 8. O-O
Nfd7 9. Re1 O-O 10. Nc3 Ba6 11. Bxa6 Nxa6 12. a3 Rb8 13. Be3 Nc7 14. Rad1 Qc8
15. h3 Qa6 16. Bf4 Nb5 17. e5 Nd4 18. Nxd4 cxd4 19. exd6 exd6 20. Ne4 Rfc8 21.
Qd2 Be5 22. Bxe5 dxe5 23. f4 Rb5 24. fxe5 Rxd5 25. Nd6 Rf8 26. Nxf7 Rxf7 27. e6
Rf8 28. exd7 Rxd7 29. Qd3 1/2-1/2

[Event "4NCL 2016-17"]
[Site "Reading ENG"]
[Date "2017.02.12"]
[Round "6.23"]
[White "Bates, Richard A"]
[Black "Flear, Glenn C"]
[Result "1/2-1/2"]
[WhiteTitle "IM"]
[BlackTitle "GM"]
[WhiteElo "2341"]
[BlackElo "2430"]
[WhiteTeam "Blackthorne Russia"]
[BlackTeam "Guildford"]
[WhiteFideId "403555"]
[BlackFideId "400165"]
[EventDate "2016.11.19"]

1. d4 d5 2. c4 e6 3. Nf3 Nf6 4. g3 Be7 5. Bg2 O-O 6. O-O dxc4 7. Qc2 b6 8. Bg5
Ba6 9. Nbd2 Nd5 10. Bxe7 Qxe7 11. Nxc4 c5 12. Rac1 Rc8 13. b3 cxd4 14. Qd2 Nc6
15. Nxd4 Nxd4 16. Qxd4 Rd8 17. Rfd1 Rac8 18. Qb2 Bxc4 19. Rxc4 Rxc4 20. bxc4 Nf6
21. Rxd8+ Qxd8 22. Qe5 h6 23. Bc6 Ng4 24. Qe4 Qd1+ 25. Kg2 Qd6 26. Qxg4 Qxc6+
27. Qf3 Qxc4 28. Qa8+ Kh7 29. Qxa7 Qxe2 30. Qxb6 Qxa2 31. h4 Qd5+ 32. Kg1 Qe4
33. Qc7 Qf5 34. Qe7 Kg6 35. Qd7 Qf3 36. Qd4 Qe2 37. Kg2 f5 38. h5+ Kh7 39. Qd6
Qe4+ 40. Kg1 Qe1+ 41. Kg2 Qe4+ 42. Kg1 Qd5 43. Qe7 f4 44. Qf7 Qf5 45. Qxf5+ exf5
46. gxf4 Kg8 47. Kg2 Kf7 1/2-1/2

[Event "4NCL 2016-17"]
[Site "Reading ENG"]
[Date "2017.02.12"]
[Round "6.24"]
[White "Sarakauskas, Gediminas"]
[Black "Ansell, Simon T"]
[Result "1/2-1/2"]
[WhiteTitle "IM"]
[BlackTitle "IM"]
[WhiteElo "2414"]
[BlackElo "2349"]
[WhiteTeam "Guildford"]
[BlackTeam "Blackthorne Russia"]
[WhiteFideId "12800724"]
[BlackFideId "402141"]
[EventDate "2016.11.19"]

1. d4 d5 2. c4 c6 3. Nf3 Nf6 4. e3 Bg4 5. Qb3 Qc7 6. Ne5 e6 7. Nxg4 Nxg4 8. Be2
Nf6 9. Nc3 Nbd7 10. Bd2 Be7 11. O-O-O Nb6 12. Kb1 Nxc4 13. Bxc4 dxc4 14. Qxc4
O-O 15. e4 Rfd8 16. Bc1 Rac8 17. f3 1/2-1/2

[Event "4NCL 2016-17"]
[Site "Reading ENG"]
[Date "2017.02.12"]
[Round "6.25"]
[White "Duncan, Chris R"]
[Black "Wadsworth, Matthew J"]
[Result "1/2-1/2"]
[WhiteTitle "FM"]
[BlackTitle "FM"]
[WhiteElo "2283"]
[BlackElo "2290"]
[WhiteTeam "Blackthorne Russia"]
[BlackTeam "Guildford"]
[WhiteFideId "403091"]
[BlackFideId "415804"]
[EventDate "2016.11.19"]

1. Nf3 d5 2. d4 Nf6 3. c4 c6 4. e3 Bf5 5. Nc3 a6 6. Bd3 Bxd3 7. Qxd3 e6 8. O-O
b5 9. cxd5 cxd5 10. a4 b4 11. Na2 Nc6 12. Bd2 Qb6 13. Nc1 Bd6 14. Nb3 Na5 15.
Nxa5 Qxa5 16. Rfc1 O-O 17. Rc6 Ne4 18. Qb3 Rfc8 19. Rac1 Rxc6 20. Rxc6 Qd8 21.
Qd3 a5 22. Be1 Rc8 23. Qb5 Rxc6 24. Qxc6 Qc7 25. Ne5 Qxc6 26. Nxc6 Bc7 27. f3
Nf6 28. Bg3 Bb6 29. Kf2 Kf8 30. Ke2 Ke8 31. Kd3 Kd7 32. Ne5+ Ke8 33. Nc6 Kd7 34.
Ne5+ Ke8 35. e4 Nh5 36. exd5 exd5 37. Ke3 1/2-1/2

[Event "4NCL 2016-17"]
[Site "Reading ENG"]
[Date "2017.02.12"]
[Round "6.26"]
[White "Kilpatrick, Callum"]
[Black "Ledger, Dave J"]
[Result "1/2-1/2"]
[WhiteTitle "FM"]
[BlackTitle "FM"]
[WhiteElo "2352"]
[BlackElo "2215"]
[WhiteTeam "Guildford"]
[BlackTeam "Blackthorne Russia"]
[WhiteFideId "414425"]
[BlackFideId "401986"]
[EventDate "2016.11.19"]

1. e4 e5 2. Nf3 Nc6 3. Bb5 a6 4. Ba4 Nf6 5. O-O Be7 6. d3 b5 7. Bb3 d6 8. a4 Rb8
9. c3 O-O 10. Bc2 d5 11. Nbd2 Re8 12. Re1 Bf8 13. axb5 axb5 14. Nf1 h6 15. Ng3
dxe4 16. dxe4 Qxd1 17. Rxd1 Bc5 18. b4 Bb6 19. h3 Be6 20. Kf1 Ra8 21. Bd2 Red8
22. Ke1 Ne8 23. Nf1 Nd6 24. Be3 Nc4 25. Rxd8+ Rxd8 26. Bxb6 Nxb6 27. Ne3 f6 28.
Ke2 Ne7 29. Bd3 c6 30. h4 Na4 31. Ra3 Nc8 32. c4 Nb2 33. c5 Nxd3 34. Rxd3 Rxd3
35. Kxd3 h5 36. Nd2 Ne7 37. Nc2 f5 38. Ne3 Kf7 39. exf5 Nxf5 40. Nxf5 Bxf5+ 41.
Kc3 Kf6 42. Nf1 g5 43. g3 1/2-1/2

[Event "4NCL 2016-17"]
[Site "Reading ENG"]
[Date "2017.02.12"]
[Round "6.34"]
[White "Horton, Andrew P"]
[Black "Zeidler, Sven P."]
[Result "1/2-1/2"]
[WhiteTitle "FM"]
[BlackTitle "FM"]
[WhiteElo "2280"]
[BlackElo "2185"]
[WhiteTeam "3C's"]
[BlackTeam "South Wales Dragons"]
[WhiteFideId "424269"]
[BlackFideId "1800604"]
[EventDate "2016.11.19"]

1. Nf3 f5 2. c4 Nf6 3. g3 g6 4. d4 Bg7 5. b4 c6 6. Bb2 d5 7. Nbd2 O-O 8. Bg2 Ne4
9. O-O a5 10. a3 Nd7 11. e3 Ndf6 12. Ne5 axb4 13. axb4 Rxa1 14. Bxa1 Qb6 15. b5
dxc4 16. bxc6 c3 17. Qb1 Qxb1 18. Nxb1 c2 19. Na3 bxc6 20. Nxc2 c5 21. dxc5 Nxc5
22. Nc6 Re8 23. N2b4 Nce4 24. Rd1 Be6 25. Bd4 Kf8 26. Ra1 Nd6 27. Bf1 Nd5 28.
Nd3 Rc8 29. Bxg7+ Kxg7 30. Nd4 Kf6 31. Ra6 Nc7 32. Ra5 Bc4 33. Nb4 Bxf1 34. Kxf1
e5 35. Ndc6 Ndb5 36. Na7 Nxa7 37. Rxa7 Ke6 38. Kg2 Kd6 39. Na6 Nxa6 40. Rxa6+
Rc6 41. Ra7 Rc7 42. Ra6+ Ke7 43. h4 Kf7 44. h5 gxh5 45. Rh6 Kg7 46. Rxh5 Kg6 47.
Rh1 Rc2 48. Rb1 e4 49. Rb3 1/2-1/2

[Event "4NCL 2016-17"]
[Site "Reading ENG"]
[Date "2017.02.12"]
[Round "6.35"]
[White "James, David J"]
[Black "Ashton, Adam G"]
[Result "1/2-1/2"]
[WhiteTitle "FM"]
[BlackTitle "FM"]
[WhiteElo "2134"]
[BlackElo "2378"]
[WhiteTeam "South Wales Dragons"]
[BlackTeam "3C's"]
[WhiteFideId "1800272"]
[BlackFideId "410110"]
[EventDate "2016.11.19"]

1. d4 d5 2. Nf3 e6 3. c4 c6 4. Bg5 Be7 5. Bxe7 Nxe7 6. e3 Nd7 7. Nc3 O-O 8. Bd3
dxc4 9. Bxc4 c5 10. O-O cxd4 11. Qxd4 Nb6 12. Bb3 Qxd4 13. Nxd4 Bd7 14. Rfd1
Rfd8 15. a4 Be8 16. Ndb5 a6 17. Nc7 Rac8 18. Nxe8 Rxe8 19. a5 Nbd5 20. Nxd5 Nxd5
21. Bxd5 exd5 22. Rxd5 Rc2 23. Rb1 Rec8 24. g3 g6 25. Rd7 R8c5 26. Rxb7 Rxa5 27.
g4 1/2-1/2

[Event "4NCL 2016-17"]
[Site "Reading ENG"]
[Date "2017.02.12"]
[Round "6.37"]
[White "Wilson, Julie"]
[Black "Congiu, Mathilde"]
[Result "0-1"]
[BlackTitle "WIM"]
[WhiteElo "1885"]
[BlackElo "2208"]
[WhiteTeam "South Wales Dragons"]
[BlackTeam "3C's"]
[WhiteFideId "1800876"]
[BlackFideId "634581"]
[EventDate "2016.11.19"]

1. d4 Nf6 2. c4 g6 3. Nc3 Bg7 4. e4 d6 5. Nge2 O-O 6. Ng3 a6 7. Be2 c5 8. d5 b5
9. cxb5 axb5 10. Bxb5 Ba6 11. Bxa6 Nxa6 12. O-O Qb6 13. Rb1 h5 14. Bg5 Nc7 15.
Qd2 Nb5 16. Nxb5 Qxb5 17. a3 Rfb8 18. f3 Rb7 19. Ne2 Rab8 20. Nc3 Qc4 21. Rfc1
Rb3 22. Be3 Nd7 23. Nd1 Qa6 24. f4 Nf6 25. Qc2 Ng4 26. Bxc5 dxc5 27. Qxc5 Qe2
28. Nc3 Bxc3 29. Rxc3 Rxb2 0-1

[Event "4NCL 2016-17"]
[Site "Reading ENG"]
[Date "2017.02.12"]
[Round "6.46"]
[White "Quinn, John M"]
[Black "Mackenzie, Colin"]
[Result "1/2-1/2"]
[WhiteElo "2169"]
[BlackElo "2060"]
[WhiteTeam "Celtic Tigers"]
[BlackTeam "Kings Head"]
[WhiteFideId "405043"]
[BlackFideId "2501031"]
[EventDate "2016.11.19"]

1. d4 e6 2. c4 Nf6 3. Nc3 Bb4 4. Qc2 c5 5. dxc5 O-O 6. Nf3 Na6 7. e3 Nxc5 8. a3
Bxc3+ 9. Qxc3 Nfe4 10. Qc2 a5 11. b3 d5 12. Rb1 Bd7 13. Bb2 Rc8 14. Bd3 b5 15.
cxd5 exd5 16. Qd1 Bf5 17. O-O Nc3 18. Bxc3 Bxd3 19. b4 axb4 20. axb4 Bxb1 21.
bxc5 Be4 22. Qd4 f6 23. Nd2 Bg6 24. Nb3 Bc2 25. Na5 Rf7 26. Rc1 Ba4 27. c6 Qd6
28. Bb4 Qe5 1/2-1/2

[Event "4NCL 2016-17"]
[Site "Reading ENG"]
[Date "2017.02.12"]
[Round "6.47"]
[White "Gilfillan, Andrew"]
[Black "Larter, Nick J."]
[Result "1/2-1/2"]
[WhiteElo "1973"]
[BlackElo "1806"]
[WhiteTeam "Kings Head"]
[BlackTeam "Celtic Tigers"]
[WhiteFideId "2402580"]
[BlackFideId "2502240"]
[EventDate "2016.11.19"]

1. e4 e6 2. d4 d5 3. e5 c5 4. c3 Qb6 5. Nf3 Bd7 6. Be2 cxd4 7. cxd4 Bb5 8. O-O
Bxe2 9. Qxe2 Ne7 10. Nc3 Nec6 11. Rd1 Nd7 12. Bf4 Be7 13. h3 O-O 14. Rd3 Qa6 15.
Qd1 f6 16. exf6 Nxf6 17. Be5 Ne4 18. Re3 Nxe5 19. dxe5 Bc5 20. Re2 Rad8 21. Qc2
Nxc3 22. bxc3 Rf5 23. Nd4 1/2-1/2

[Event "4NCL 2016-17"]
[Site "Reading ENG"]
[Date "2017.02.12"]
[Round "6.48"]
[White "Buttell, David"]
[Black "Disu, Kayode"]
[Result "1/2-1/2"]
[WhiteElo "1768"]
[BlackElo "1976"]
[WhiteTeam "Celtic Tigers"]
[BlackTeam "Kings Head"]
[WhiteFideId "416720"]
[BlackFideId "432849"]
[EventDate "2016.11.19"]

1. d4 e6 2. c4 Nf6 3. Nf3 Bb4+ 4. Bd2 Qe7 5. g3 Nc6 6. Bg2 O-O 7. O-O Bxd2 8.
Qxd2 d6 9. Nc3 e5 10. d5 Nb8 11. e4 a5 12. Ne1 Na6 13. Nd3 Bd7 14. f4 Nc5 15.
Rae1 Nxd3 16. Qxd3 Rfd8 17. Kh1 a4 18. f5 c6 19. Bf3 cxd5 20. cxd5 Ne8 21. Rg1
Rdc8 22. a3 b5 23. Na2 Rc5 24. Nb4 Rac8 25. Qe3 h6 26. g4 Qg5 27. Qxg5 hxg5 28.
Kg2 Nc7 29. Kg3 Na8 30. h4 f6 31. hxg5 fxg5 32. Rh1 Kf7 33. Rh2 Nb6 34. Ree2 Rc1
35. Ref2 Rg1+ 36. Rfg2 Rxg2+ 37. Rxg2 Rc1 38. Be2 Nc4 39. Bxc4 Rxc4 40. Kf3 Rc1
41. Ke3 Re1+ 42. Kf3 1/2-1/2

[Event "4NCL 2016-17"]
[Site "Reading ENG"]
[Date "2017.02.12"]
[Round "6.52"]
[White "Jones, Gawain C B"]
[Black "Ghasi, Ameet K"]
[Result "1/2-1/2"]
[WhiteTitle "GM"]
[BlackTitle "IM"]
[WhiteElo "2663"]
[BlackElo "2455"]
[WhiteTeam "Guildford"]
[BlackTeam "Grantham Sharks"]
[WhiteFideId "409561"]
[BlackFideId "409200"]
[EventDate "2016.11.19"]

1. e4 c6 2. d4 d5 3. e5 Bf5 4. h4 h5 5. Bd3 Bxd3 6. Qxd3 e6 7. Bg5 Qb6 8. Nd2
Qa6 9. c4 Bb4 10. b3 c5 11. Nf3 Nc6 12. O-O Nge7 13. dxc5 O-O 14. a3 Bxd2 15.
Nxd2 Nxe5 16. Qe2 N7c6 17. Qxh5 f6 18. cxd5 exd5 19. Bf4 Qd3 20. Rae1 Rae8 21.
Bxe5 Rxe5 22. Qd1 Nd4 23. Nf3 Nxf3+ 24. Qxf3 Qxf3 25. gxf3 Kf7 26. Rd1 Rc8 27.
b4 b6 28. cxb6 axb6 29. Rd4 b5 30. Rfd1 Ke6 31. f4 Rf5 32. R1d3 Rc4 33. Kg2 Kd6
34. Kg3 g6 35. Rd2 Rc3+ 36. R4d3 Rc4 37. f3 Kc6 38. Re2 Kd7 39. Re4 Rc2 40. Re1
Rc4 41. Rde3 Rcxf4 42. Re7+ Kd8 43. Re8+ Kd7 44. R1e7+ Kd6 45. Re3 Rc4 46. R8e6+
Kd7 47. Re7+ Kd8 48. Rg7 d4 49. Rd3 Rd5 50. Rxg6 Rc3 51. Rd2 Ke7 52. Rg7+ Ke6
53. Ra7 Rf5 54. Rf2 Rd5 55. Re2+ Re5 56. Kf2 Kd5 57. Rd2 Rf5 58. Rd7+ Ke6 59.
R2xd4 Rfxf3+ 60. Ke2 Rce3+ 61. Kd2 Rxa3 62. R7d6+ Kf7 63. Rd3 Ra2+ 64. Kc3 Ra3+
65. Kd2 Ra2+ 1/2-1/2

[Event "4NCL 2016-17"]
[Site "Reading ENG"]
[Date "2017.03.04"]
[Round "7.16"]
[White "Kirk, Ezra"]
[Black "Mackenzie, Colin"]
[Result "1-0"]
[WhiteTitle "FM"]
[WhiteElo "2345"]
[BlackElo "2060"]
[WhiteTeam "Cheddleton"]
[BlackTeam "Kings Head"]
[WhiteFideId "600067"]
[BlackFideId "2501031"]
[EventDate "2016.11.19"]

1. e4 e6 2. d4 d5 3. Nc3 Bb4 4. e5 c5 5. a3 Bxc3+ 6. bxc3 Qc7 7. Qg4 f6 8. Nf3
c4 9. Be2 Nc6 10. Qg3 Qf7 11. O-O Qg6 12. exf6 gxf6 13. Qd6 Nge7 14. Nh4 Qe4 15.
Bh5+ Ng6 16. g3 Ne7 17. Bh6 Kf7 18. Rac1 Re8 19. f3 Nf5 20. Nxf5 Qxf5 21. g4 1-0

[Event "4NCL 2016-17"]
[Site "Reading ENG"]
[Date "2017.03.04"]
[Round "7.18"]
[White "Steil-Antoni, Fiona"]
[Black "Gilfillan, Andrew"]
[Result "1-0"]
[WhiteTitle "WIM"]
[WhiteElo "2141"]
[BlackElo "1973"]
[WhiteTeam "Cheddleton"]
[BlackTeam "Kings Head"]
[WhiteFideId "4001249"]
[BlackFideId "2402580"]
[EventDate "2016.11.19"]

1. e4 c5 2. Nc3 Nc6 3. f4 e6 4. Nf3 d5 5. Bb5 Ne7 6. Qe2 a6 7. Bxc6+ bxc6 8. d3
g6 9. O-O Bg7 10. Rb1 Rb8 11. Na4 O-O 12. Nxc5 Qa5 13. Nb3 Qc7 14. Be3 a5 15. e5
a4 16. Nc5 Ra8 17. g4 h6 18. d4 Kh7 19. Qf2 Ba6 20. Rfe1 Bc4 21. b3 axb3 22.
axb3 Bb5 23. Qh4 Ra2 24. Rbc1 Rh8 25. Bd2 Qa7 26. Bb4 Re8 27. c4 dxc4 28. bxc4
Ba4 29. Ne4 Ng8 30. f5 exf5 31. gxf5 Bc2 32. Neg5+ Kh8 33. f6 Bf8 34. e6 Rxe6
35. Bxf8 Rxf6 36. Bxh6 Rf4 37. Qxf4 1-0

[Event "4NCL 2016-17"]
[Site "Reading ENG"]
[Date "2017.03.04"]
[Round "7.37"]
[White "Morris, Charles F"]
[Black "Povah, Nigel E"]
[Result "0-1"]
[BlackTitle "IM"]
[WhiteElo "2132"]
[BlackElo "2298"]
[WhiteTeam "South Wales Dragons"]
[BlackTeam "Guildford"]
[WhiteFideId "1800140"]
[BlackFideId "400467"]
[EventDate "2016.11.19"]

1. c4 e5 2. e3 Nf6 3. Nc3 Nc6 4. Nge2 d5 5. Nxd5 Nxd5 6. cxd5 Qxd5 7. Nc3 Qe6 8.
Nb5 Qd7 9. a3 a6 10. Nc3 Be7 11. Be2 O-O 12. O-O Qd6 13. f4 exf4 14. Rxf4 Qh6
15. Rf2 f5 16. d4 Bg5 17. Qb3+ Kh8 18. Ne4 Be6 19. Qxb7 fxe4 20. Qxc6 Bxe3 21.
Bxe3 Qxe3 22. Rf1 Rxf2 0-1

[Event "4NCL 2016-17"]
[Site "Reading ENG"]
[Date "2017.03.05"]
[Round "8.11"]
[White "Howell, David W L"]
[Black "Roberson, Peter T"]
[Result "1-0"]
[WhiteTitle "GM"]
[BlackTitle "IM"]
[WhiteElo "2655"]
[BlackElo "2388"]
[WhiteTeam "Cheddleton"]
[BlackTeam "Grantham Sharks"]
[WhiteFideId "410608"]
[BlackFideId "412384"]
[EventDate "2016.11.19"]

1. Nf3 c5 2. c4 Nc6 3. d4 cxd4 4. Nxd4 Nf6 5. g3 e5 6. Nb5 Bb4+ 7. N1c3 d6 8. a3
Bxc3+ 9. Nxc3 O-O 10. Bg2 Be6 11. b3 Qd7 12. h3 Ne8 13. e3 Nc7 14. Ra2 Rfd8 15.
Rd2 Qe7 16. O-O a5 17. Qc2 Na6 18. Rfd1 Rd7 19. Na4 Rad8 20. Nb6 Rc7 21. Qc3 h6
22. Kh2 Qf8 23. Bb2 Nc5 24. f4 f6 25. b4 axb4 26. axb4 Nd7 27. Nd5 Rcc8 28. b5
Ncb8 29. Ba3 Kh8 30. Qa5 Rxc4 31. Bxd6 Qg8 32. Ne7 Qe8 33. Bxb7 Kh7 34. Bg2 exf4
35. exf4 Nc5 36. Qa3 Rxd6 37. Rxd6 Qxe7 38. Qe3 Qf7 39. b6 f5 40. Rd8 Ncd7 41.
Rd6 Re4 42. Bxe4 fxe4 43. Qxe4+ Bf5 44. Qd5 Qxd5 45. Rxd5 g6 46. R5xd7+ 1-0

[Event "4NCL 2016-17"]
[Site "Reading ENG"]
[Date "2017.03.05"]
[Round "8.12"]
[White "Ghasi, Ameet K"]
[Black "Fodor, Tamas Jr."]
[Result "1/2-1/2"]
[WhiteTitle "IM"]
[BlackTitle "GM"]
[WhiteElo "2455"]
[BlackElo "2493"]
[WhiteTeam "Grantham Sharks"]
[BlackTeam "Cheddleton"]
[WhiteFideId "409200"]
[BlackFideId "723762"]
[EventDate "2016.11.19"]

1. Nf3 d5 2. g3 Nf6 3. Bg2 c5 4. O-O Nc6 5. d3 e6 6. Nbd2 Be7 7. e4 Qc7 8. Re1
b6 9. Qe2 Bb7 10. c3 h6 11. a3 dxe4 12. dxe4 Rd8 13. e5 Nd7 14. h4 a6 15. b3 O-O
16. a4 Rfe8 17. Nc4 b5 18. axb5 axb5 19. Na3 b4 20. Nb5 Qb6 21. c4 Na5 22. Qa2
Ra8 23. Qc2 Bc6 24. Nd2 Rad8 25. Bxc6 Nxc6 26. Bb2 Nd4 27. Bxd4 cxd4 28. Qe4 f5
29. exf6 Bxf6 30. Qg6 d3 31. Ra7 Rf8 32. Ne4 Bd4 33. Rf1 d2 34. Qg4 Bxf2+ 35.
Nxf2 Rxf2 36. Rxf2 Rf8 37. Nd4 Qxa7 38. Qxe6+ Kh8 39. Rxd2 Nf6 40. Kg2 Re8 41.
Qc6 Qa1 42. Re2 Qxd4 43. Rxe8+ Nxe8 44. Qxe8+ Kh7 45. Qe2 Qc3 46. Qd1 Kh8 47. h5
Qe3 48. Kh3 Qc3 49. Kg4 Qe3 50. Qf3 Qd4+ 51. Kf5 Qc3 52. Ke4 Qc2+ 53. Kd4 Qd2+
54. Kc5 Qc3 55. Qd1 Qxg3 56. Kxb4 Qb8+ 57. Kc3 Qe5+ 58. Kb4 Qb8+ 59. Ka3 Qa7+
60. Kb2 Qf2+ 61. Kb1 Qf5+ 62. Qc2 Qxh5 63. c5 Qh1+ 64. Kb2 Qc6 65. Qf5 Kg8 66.
b4 g6 67. Qf4 h5 68. Qc4+ Kg7 69. b5 Qg2+ 70. Kb3 Qg3+ 71. Qc3+ Qxc3+ 72. Kxc3
h4 73. c6 h3 74. c7 h2 75. c8=Q h1=Q 76. Qc7+ Kh6 77. b6 Qc1+ 78. Kb4 Qb2+ 79.
Kc5 Qc3+ 80. Kb5 Qb3+ 81. Kc6 Qf3+ 82. Kb5 Qb3+ 83. Ka6 Qa3+ 84. Kb7 g5 85. Qc6+
Kh5 86. Qe8+ Kh4 87. Qh8+ Kg4 88. Qc8+ Kh4 89. Qd8 Qc5 90. Qh8+ Kg3 91. Qb8+ Kf2
92. Qh2+ Kf1 93. Qh3+ Kg1 94. Qg3+ Kf1 95. Qf3+ Kg1 96. Qc6 Qe7+ 97. Kc8 Qf8+
98. Kc7 Qe7+ 99. Kb8 Qf8+ 100. Kb7 Qe7+ 101. Ka6 Qa3+ 102. Kb5 Qb3+ 103. Kc5
Qc3+ 104. Kd5 Qf3+ 105. Kd6 Qf6+ 106. Kd7 Qf7+ 107. Kc8 Qf8+ 108. Kc7 Qe7+ 109.
Qd7 Qc5+ 110. Kb7 Qe3 1/2-1/2

[Event "4NCL 2016-17"]
[Site "Reading ENG"]
[Date "2017.03.05"]
[Round "8.13"]
[White "Hamitevici, Vladimir"]
[Black "Batchelor, Peter J"]
[Result "1/2-1/2"]
[WhiteTitle "IM"]
[BlackTitle "FM"]
[WhiteElo "2484"]
[BlackElo "2361"]
[WhiteTeam "Cheddleton"]
[BlackTeam "Grantham Sharks"]
[WhiteFideId "13902393"]
[BlackFideId "424854"]
[EventDate "2016.11.19"]

1. d4 d5 2. Nc3 Nf6 3. Bf4 Bf5 4. f3 e6 5. g4 Bg6 6. h4 h5 7. g5 Nfd7 8. e3 Bb4
9. Bd3 Bxd3 10. Qxd3 g6 11. Qb5 Bxc3+ 12. bxc3 Qc8 13. Rb1 b6 14. c4 c6 15. Qa4
Qa6 16. Qxa6 Nxa6 17. Bd6 dxc4 18. f4 O-O-O 19. Nf3 Nc7 20. Ne5 Nxe5 21. Bxe5
Rhe8 22. a4 Nd5 23. Kd2 c5 24. c3 Kb7 25. a5 cxd4 26. cxd4 Rc8 27. Rhc1 Ne7 28.
axb6 axb6 29. e4 Nc6 30. Bf6 Na5 31. Kc3 Nb3 32. Re1 b5 33. d5 exd5 34. exd5
Rxe1 35. Rxe1 Nc5 36. Re7+ Rc7 37. d6 Rd7 38. Bd4 Rxe7 39. dxe7 Ne4+ 40. Kb4 Nd6
41. Be5 Ne8 42. Kxb5 c3 43. Bxc3 Kc7 44. Kc5 Kd7 45. f5 gxf5 46. Kd5 f4 47. Ke4
Kxe7 48. Kxf4 Ke6 49. Be5 f6 50. Bb2 fxg5+ 51. Kxg5 Nd6 52. Kxh5 Nf5 53. Kg5
Nxh4 54. Kxh4 1/2-1/2